Ботаника (Запис номер 130306)
[ съкратено ]
| 000 -Лидер | |
|---|---|
| Контролно поле с фиксирана дължина | 01390nam a2200337 c 4500 |
| 003 - Код на организацията, давaща контролен номер | |
| Контролно поле | BLK |
| 005 - Дата и час на последна редакция | |
| Контролно поле | 20220201120051.0 |
| 008 - Елементи от данни с фиксирана дължина | |
| fixed length control field | 180409b bul|||||r ||||||| ||bul|| |
| 010 ## - Наследен системен номер | |
| LC control number | KNG00136071000 |
| 040 ## - Източник на каталожния запис | |
| Идентификатор на билиотеката - собственик на записа | BLK |
| 041 ## - Код за език | |
| Код за езика на текст/звукозапис или на отделно заглавие | Български |
| Код за езика КДБФ | Български |
| 080 ## - УДК | |
| Текстов определител УДК | Ботаника в основното училище |
| УДК код - определител по УДК | 372.858 |
| УДК определител | (075.2) |
| УДК - код + определител | 372.858(075.2) |
| 100 1# - Редна дума - Автор | |
| Автор | Попов, Кирил Йорданов |
| Авторска отговорност | първи автор |
| R(LIN) | 322153 |
| 139 ## - Редно поле | |
| Редна дума | Ботаника |
| Авторски знак | Бот - Б 69 |
| 245 10 - Сведения за заглавието | |
| Заглавие | Ботаника |
| Подзаглавни данни | За VI кл. на общообраз. у-ща |
| Редно поле (дума) | Кирил Йорданов Попов. |
| 250 ## - Област на изданието | |
| Сведения за изданието | 5. изд. |
| 257 ## - Страна на издаване | |
| Страна на създаване/издаване | България |
| 260 ## - Област на издателските данни | |
| Име на издателя, разпространителя и проч. | Нар. просв. |
| Година на издаване | 1956 |
| 300 ## - Физическа характеристика | |
| Страници | 88 с. |
| Илюстрации и др. | с ил., 3 л. цв. ил. |
| Размери/Мащаб | 22 см |
| 380 ## - Жанр | |
| Жанр | Обществени науки |
| 500 ## - Общи забележки | |
| Забележка | Други авт.: Ив. Х. Ганчев, А. В. Коцев, С. Виларова. - 1. изд. 1953. - 70 000 тир. - На загл. с. и кор. 1957. |
| 650 #4 - Допълнително описание по предмет – тема | |
| Основно описание – тема или топоним | Ботаника - учебници за основни училища |
| 9 (RLIN) | 291071 |
| 653 ## - Ключова дума – ненормативна | |
| Ключова дума | ботаника |
| 653 ## - Ключова дума – ненормативна | |
| Ключова дума | учебници за основни училища |
| 653 ## - Ключова дума – ненормативна | |
| Ключова дума | VІ кл. |
| 852 ## - Местоположение | |
| Форматна сигнатура | Цб 3198 |
| Фондова буква | Основен фонд - ползва се само за читалня |
| 856 4# - Електронен адрес и достъп | |
| Електронен формат | pdf - файл |
| 856 4# - Електронен адрес и достъп | |
| Електронен формат | pdf - файл |
| 999 ## - СИСТЕМНИ КОНТРОЛНИ НОМЕРА | |
| Koha biblionumber | 130306 |
| Koha biblioitemnumber | 130306 |
| 942 ## - АРТИКУЛИ | |
| Вид на библиотечния материал | Книги |
| Скрит в OPAC | Не |
| Периодичен библиозапис | Да |
| 944 ## - СЪЗДАВАНЕ И РЕДАКЦИЯ на ЗАПИСА | |
| Създаване/Редакция | Създаване |
| Дата на регистрацията/редакция | 09.11.2012 |
| Статус, дата на статуса | 09.11.2012 - от С1,Р / 09.11.2012 |
| Служител, извършил регистрацията/редакцията | Виолета_Тройчева |
| 944 ## - СЪЗДАВАНЕ И РЕДАКЦИЯ на ЗАПИСА | |
| Създаване/Редакция | Редакция |
| Дата на регистрацията/редакция | 09.11.2012 |
| Статус, дата на статуса | 09.11.2012 - от С1,Р / 09.11.2012 |
| 999 ## - СИСТЕМНИ КОНТРОЛНИ НОМЕРА | |
| Koha biblioitemnumber | 130306 |
| Код за отписване | Код за изгубен артикул | Източник на класификационната схема | Код за повреда | Коз за рестрикции | Код за отдаване | Артикулен № | Име на библиотеката - собственик | Име на библиотеката, в която се намира в момента | Статус (Текущо местоположение) | Дата на вписване в системата | Местоположение - отдел | Цена в лева | Инвентарен номер | Систематично азбучна сигнатура | Баркод | Номер на екземпляра | Цена в евро | Служебна бележка | Служебен тип на артикула |
|---|---|---|---|---|---|---|---|---|---|---|---|---|---|---|---|---|---|---|---|
| Не е изгубен | Universal Decimal Classification | Не е повреден | без рестрикции | ползва се в читалня | 211829 | Регионална библиотека "Любен Каравелов" Русе | Регионална библиотека "Любен Каравелов" Русе | Хранилище | 1956-01-01 | Основен фонд - ползва се само за читалня | 0.20 | 7958/56 | Цб 3198 | 900000050865 | 1 | 0.10 | Дост: Dp Вид: Д N: стар фонд Дата: 01.01.1956 | Книги |